Can You Name Earth's Major Lines? (Latitude & Longitude) - Statistics

General Stats
  • This quiz has been taken 11 times
  • The average score is 4 of 7
Answer Stats
Hint Major Line % Correct
Equator
88%
23.5° South Tropic of Capricorn
75%
23.5° North Tropic of Cancer
63%
66.5° South Antarctic Circle
50%
66.5° North Arctic Circle
50%
Changes Date International Date Line
50%
Prime Meridian
38%
No matching quizzes found
Score Distribution
Percent of People with Each Score
Percentile by Number Answered
Your Score History
You have not taken this quiz